| 000 | 00767nam a22002057a 4500 | ||
|---|---|---|---|
| 999 |
_c19077 _d19077 |
||
| 003 | AR-CdUCM | ||
| 008 | 190516b ||||| |||| 00| 0 spa d | ||
| 040 |
_aMUNICIPALIDAD PROVINCIAL DEL CUSCO _cBIBLIOTECA MUNICIPAL DEL CUSCO |
||
| 082 |
_a970.004 / _bO72 |
||
| 100 |
_aOrrego, Antenor _940177 |
||
| 245 | _aHacia un humanismo Americano / | ||
| 260 |
_aLima : _bJuan Mejía Baca, _c1966. |
||
| 300 |
_a331 páginas ; _c22 cm. |
||
| 505 | _aContenido : La generación precursora del nuevo destino del atomismo colonial a la integración del continente -- Historia genuina -- Sentimiento de la unidad hemisferio ... | ||
| 650 |
_aHistoria _9136 |
||
| 650 |
_aHumanismo _92496 |
||
| 650 |
_aAmericanista _940178 |
||
| 942 |
_2ddc _cLIBROS |
||
| 945 |
_arah _d2019/05/16 |
||